| 000 | 00616nam a2200157 a 4500 | ||
|---|---|---|---|
| 001 | 000042456 | ||
| 005 | 20201002040153.0 | ||
| 008 | 131203s2004 dr a 000 0 spa d | ||
| 040 |
_aDO-SdBNP _bspa _cBNPHU |
||
| 110 | 2 |
_aReública Dominicana _bComisión Presidencial para la reforma y Modernización del Estado _956789 |
|
| 245 | 1 | 0 |
_aManual del ayuntamiento : _bla Liga Municipal Dominicana /. |
| 260 |
_aSanto Domingo : _bLiga Municipal, _c[200?]. |
||
| 300 |
_a102 p. : _bil. ; _c21 cm. |
||
| 490 | 1 |
_aCuadernos municipales _aBiblioteca Municipal _v11 |
|
| 830 | 0 |
_aCuadernos municipales _v11 _pBiblioteca Municipal _969619 |
|
| 999 |
_c41945 _d41945 |
||